The recycling campaign

Bibliographic Details
Main Author: Zabri Hazry
Other Authors: Veedhra
Format: Book
Published: Selangor : Mika Cemerlang Sdn. Bhd. , 2020
Series:Higher order thinking school series
Subjects:

MARC

LEADER 00000cam a2200000 7i4500
001 0000278552
005 20200918111116.0
020 |a 9789670974439 
090 0 0 |a JF   |b ZAB 
100 0 |a Zabri Hazry 
245 1 4 |a The recycling campaign   |c Zabri Hazry and Veedhra 
260 |a Selangor :   |b Mika Cemerlang Sdn. Bhd. ,   |c 2020 
300 |a 30p. :   |b ill.,col. ;   |c 26cm. 
490 0 |a Higher order thinking school series 
650 0 |a Children's stories 
700 0 |a Veedhra 
999 |a 00384703   |b BUKU   |c JUNIOR BOOKS   |e PERPUSTAKAAN KOMUNITI PETALING JAYA